[Event "Winnipeg Yanofsky Memorial U1800"]
[Site "Winnipeg"]
[Date "2015.08.16"]
[Round "4.5"]
[White "Ammann, Gabriel"]
[Black "Trueman, Francis"]
[Result "1-0"]
[WhiteElo "1739"]
[BlackElo "1462"]
[PlyCount "53"]
[EventDate "2015.08.14"]
[EventType "swiss"]
[EventRounds "5"]
[EventCountry "CAN"]
[SourceTitle "EXT 2022"]
[Source "ChessBase"]
[SourceDate "2021.10.06"]
[SourceVersion "1"]
[SourceVersionDate "2021.10.06"]
[SourceQuality "1"]

1. e4 c5 2. Nf3 Nc6 3. d4 e6 4. Nc3 Nf6 5. Bg5 Be7 6. Qd2 h6 7. Be3 cxd4 8. Nxd4 Ne5 9. f3 d5 10. 0-0-0 b6 11. Kb1 Bb7 12. exd5 exd5 13. Bd3 Nc4 14. Bxc4 dxc4 15. Rhe1 b5 16. Qe2 0-0 17. Nc6 Qe8 18. Nxe7+ Qxe7 19. Qf2 Rac8 20. Bxh6 Qd8 21. Bg5 Rc6 22. Ne4 Nxe4 23. Bxd8 Nxf2 24. Rd7 Ba6 25. Bh4 Rg6 26. Bxf2 Rxg2 27. Rd2 1-0

[Event "Winnipeg Yanofsky Memorial U1800"]
[Site "Winnipeg"]
[Date "2015.08.15"]
[Round "2.5"]
[White "Ammann, Gabriel"]
[Black "Minano, John"]
[Result "0-1"]
[WhiteElo "1739"]
[BlackElo "1732"]
[PlyCount "62"]
[EventDate "2015.08.14"]
[EventType "swiss"]
[EventRounds "5"]
[EventCountry "CAN"]
[SourceTitle "EXT 2022"]
[Source "ChessBase"]
[SourceDate "2021.10.06"]
[SourceVersion "1"]
[SourceVersionDate "2021.10.06"]
[SourceQuality "1"]

1. e4 c5 2. Nf3 d6 3. d4 cxd4 4. Nxd4 Nf6 5. Nc3 a6 6. Be3 e6 7. Qd2 b5 8. a3 Bb7 9. f3 Nbd7 10. 0-0-0 Rc8 11. Kb1 Ne5 12. h4 Be7 13. h5 h6 14. Be2 Nc4 15. Bxc4 Rxc4 16. g4 Qc7 17. Nce2 Qb8 18. Rc1 d5 19. g5 hxg5 20. Bxg5 dxe4 21. h6 g6 22. b3 Rc8 23. Rcf1 exf3 24. Nc3 Qc7 25. Kb2 Qxc3+ 26. Qxc3 Rxc3 27. Kxc3 Ne4+ 28. Kd3 Nxg5 29. Ke3 0-0 30. Kd3 Rd8 31. c3 e5 0-1

[Event "Winnipeg Mundwiler Memorial U1800"]
[Site "Winnipeg"]
[Date "2013.11.05"]
[Round "1.6"]
[White "Ammann, Gabriel"]
[Black "Nash, Jordan"]
[Result "1/2-1/2"]
[WhiteElo "1797"]
[BlackElo "1620"]
[PlyCount "81"]
[EventDate "2013.11.05"]
[EventType "swiss"]
[EventRounds "6"]
[EventCountry "CAN"]
[SourceTitle "EXT 2022"]
[Source "ChessBase"]
[SourceDate "2021.10.06"]
[SourceVersion "1"]
[SourceVersionDate "2021.10.06"]
[SourceQuality "1"]

1. d4 Nf6 2. c4 d5 3. Nf3 c6 4. Nc3 Bg4 5. e3 e6 6. Qb3 Qb6 7. Ne5 Nbd7 8. Nxg4 Nxg4 9. Be2 Ngf6 10. 0-0 Qxb3 11. axb3 Bb4 12. Ra4 Bxc3 13. bxc3 Ne4 14. Bb2 Nb6 15. Rb4 c5 16. dxc5 Nxc5 17. Rb5 Ne4 18. Ra1 0-0 19. cxd5 Nxd5 20. Bf3 Nd6 21. Rba5 b6 22. R5a4 Rac8 23. c4 b5 24. Rxa7 bxc4 25. bxc4 Nxc4 26. Bd4 Rfd8 27. h4 e5 28. Bxd5 Rxd5 29. R7a4 exd4 30. Rxc4 Rcd8 31. Rxd4 Rxd4 32. exd4 f5 33. Rd1 Kf7 34. d5 Ke7 35. f4 Rd7 36. Kf2 Kd6 37. Re1 g6 38. Rd1 Kc5 39. Kf3 Rxd5 40. Rxd5+ Kxd5 41. Ke3 1/2-1/2